00478 2200205 4500001002100000008004100021035002000062245003500082100001200117250000600129260004200135300001100177084001400188082000800202650001400210990001200224990001200236990001200248990001200260INLIS000000000000577 ind  a0010-0424000553 aDasar Perekaman AudiocSudibyo aSudibyo a1 aKlaten :bSaka Mitra Kompetensic2011 a60 hlm a600 SUD d a600 aNon Fiksi a0722336 a0722337 a0722338 a0722339